An Introduction to the Postal History of Denmark 1624-1950 (Record no. 3529)
[ view plain ]
| 000 -LEADER | |
|---|---|
| fixed length control field | 00313nam a22000977a 4500 |
| 008 - FIXED-LENGTH DATA ELEMENTS--GENERAL INFORMATION | |
| fixed length control field | 230518b ||||| |||| 00| 0 eng d |
| 100 ## - MAIN ENTRY--AUTHOR'S NAME | |
| Author's Name | Cornelius, David |
| 245 ## - TITLE STATEMENT | |
| Title | An Introduction to the Postal History of Denmark 1624-1950 |
| 260 ## - PUBLICATION, DISTRIBUTION, ETC. (IMPRINT) | |
| Place of publication, distribution, etc. | Bristal, UK |
| Name of publisher, distributor, etc. | The Stuart Rossiter Trust Fund |
| 650 ## - TOPICAL TERM (Tag) | |
| Topical term or geographic name | Postal History|Denmark |
| Withdrawn status | Lost status | Source of classification or shelving scheme | Damaged status | Koha normalized classification for sorting | Not for loan | Permanent Location | Current Location | Shelving location | Date acquired | Total Checkouts | Full call number | Barcode | Date last seen | Price effective from | Koha item type |
|---|---|---|---|---|---|---|---|---|---|---|---|---|---|---|---|
| G6921 P856 C8141 | Northern Philatelic Library | Northern Philatelic Library | General Stacks | 05/18/2023 | G6921 P856 C8141 | 1006031 | 05/18/2023 | 05/18/2023 | Books |